| 000 | 015100000a22003370004500 | ||
|---|---|---|---|
| 003 | EG-GICUC | ||
| 005 | 20250223025004.0 | ||
| 008 | 070820s2007 ua a f m 000 0 eng d | ||
| 040 |
_aEG-GICUC _beng _cEG-GICUC |
||
| 041 | 0 | _aEng | |
| 049 | _aDeposite | ||
| 097 | _aM.Sc | ||
| 099 | _aCai01.09.03.M.Sc.2007.Sh.B | ||
| 100 | 0 | _aShereen Hafez Ibrahim | |
| 245 | 1 | 0 |
_aBonding mechanism of giomer to enamel and dentin with and without pre - etching / _cShereen Hafez Ibrahim ; Supervised Mona Ismail Riad , Ola Mohamed Ibrahim Fahmy |
| 246 | 1 | 5 | _aالية ربط الجيومير للمينا و العاج مع و بدون تخريش مسبق |
| 260 |
_aCairo : _bShereen Hafez Ibrahim , _c2007 |
||
| 300 |
_a138Leaves : _bill. ; _c30cm |
||
| 502 | _aThesis (M.Sc.) - Cairo University - Faculty Of Oral and Dental Medicine - Department Of Operative Dentistry | ||
| 520 | _aThis study was designed to assess the bonding mechanism of a giomer restorative material (BEAUTIF\\FL - BOND) to both enamel and dentin with and without previous etching (FL - BOND ETCHANT) by fourier Transform Infra Red (FTIR) and Environmental Scanning Electeon Microscopy (ESEM) | ||
| 530 | _aIssued also as CD | ||
| 653 | 4 | _aBonding mechanism | |
| 653 | 4 | _aEnamel | |
| 653 | 4 | _aGiomer | |
| 700 | 0 |
_aMona Ismail Riad , _eSupervisor |
|
| 700 | 0 |
_aOla Mohamed Ibrahim Fahmy , _eSupervisor |
|
| 856 | _uhttp://172.23.153.220/th.pdf | ||
| 905 |
_aEsam _eRevisor |
||
| 905 |
_aNazla _eCataloger |
||
| 942 |
_2ddc _cTH |
||
| 999 |
_c3293 _d3293 |
||